Intelligent Business Pre-Intermediate Coursebook

Uloženo v:
Podrobná bibliografie
Hlavní autor: Johnson, Christine
Médium: Kniha
Jazyk:English
Vydáno: England Pearson Education Limit 2006
Edice:The Economist
Témata:
Tagy: Přidat tag
Žádné tagy, Buďte první, kdo otaguje tento záznam!
Thư viện lưu trữ: Trung tâm Học liệu Lê Vũ Hùng, Trường Đại học Đồng Tháp
LEADER 00718pam a22002298a 4500
001 00046494
005 20210311080349.0
008 170518s2005 ||||||engsd
020 # # |c 28500 
041 0 # |a eng 
082 1 4 |a 338  |b I312B 
100 1 # |a Johnson, Christine 
245 1 0 |a Intelligent Business Pre-Intermediate Coursebook  |c Christine Johnson 
260 # # |a England  |b Pearson Education Limit  |c 2006 
300 # # |a 176tr.  |c 27cm 
490 # # |a The Economist 
653 # # |a Business 
653 # # |a Du lịch 
653 # # |a Kinh doanh 
653 # # |a Tiếng Anh 
852 # # |j KD.0027869  |j KM.0035142  |j KM.0035143  |j KM.0035144  |j KM.0035145 
980 # # |a Trung tâm Học liệu Lê Vũ Hùng, Trường Đại học Đồng Tháp